Normal view
MARC view
Entry Topical Term
001 - CONTROL NUMBER
- control field: 59836
003 - CONTROL NUMBER IDENTIFIER
- control field: OSt
005 - DATE AND TIME OF LATEST TRANSACTION
- control field: 20260323150505.0
008 - FIXED-LENGTH DATA ELEMENTS
- fixed length control field: 260323|| aca||aabn | a|a d
040 ## - CATALOGING SOURCE
- Original cataloging agency: OSt
- Transcribing agency: OSt
150 ## - HEADING--TOPICAL TERM
- Topical term or geographic name entry element: Common service centers, e-Government services, Rural citizen attitudes, Service quality, UMEGA, Village level entrepreneurs
670 ## - SOURCE DATA FOUND
- Source citation: Work cat.: (OSt): Gangadhara, H. and Kumar, J. P. Senthil 59835, How does the unified model of electronic government acceptance and service quality frame rural citizens’ continuous behavioural intention and attitudes towards e-government services in the Indian context
